1301 1309 1449 1284 1906 1774 1874 1633 1783 1646 1990 1156 1333 1485 1043 1976 1033 1234 1996 1513 1083 1196 1112 1875 1562 1265 1411 1758 1922 1029 1256 1309 1290 1772 1060 1186 1571 1101 1211 1579 1498 1324 1266 1653 1325 1152 1689 1871 1004 1265 1927 1210 1835 1181 1288 1820 1605 1696 1226 1059 1031 1131 1674 1699 1645 1744 1416 1069 1265 1297 1011 1339 1261 1488 1383 1037 1760 1133 1171 1112 1797 1388 1810 1464 1709 1628 1879 1337 1002 1626 1373 1800 1833 1567 1767 1822 1535 1776 1666 BCNSPRNW ULIB Ver.6.0+V

เปลี่ยนเป็นภาษาไทย

Change to English
 แสดงรายละเอียดบรรณานุกรม
  กลับหน้าหลัก

Brief Record : Get Marc (ISO 2709) : E-mail record : QR code < ปิดหน้าต่าง
LEADER : 00000nam 2200000uu 4500
001    13399113973
003     ULIB
008    120119s2554||||th 000 0 tha d
020    ^a9786167460154
060 04 ^aWB537^bส869ช 2554
245 00 ^aชะลอวัยด้วยการบริหาร /^cสุวรรณ ตั้งจิตรเจริญ
250    ^aพิมพ์ครั้งที่ 1
260    ^aกรุงเทพฯ :^bบีเวลล์,^c2554
300    ^a160 หน้า :^bภาพประกอบ ;^c21 ซม
650  4 ^aการนวด
650  4 ^aการรักษาด้วยธรรมชาติ
650  4 ^a กายบริหาร
945    ^p140^l0^i18672
995    ^aกัณชพร
999    ^aใช้งานได้ทุกระบบ
รายการนี้ยังไม่มีแท็ก
คุณยังไม่ได้ล็อกอิน คุณสามารถมีกิจกรรมร่วมกับเว็บไซต์ได้ แต่ต้องล็อกอินก่อน ::
  ล็อกอิน

รายการสื่อสารสนเทศ

ลำดับที่ ประเภท เลขเรียก/บาร์โค้ด สถานที่ สถานะ
1. วิทยาศาสตร์การแพทย์ และสุขภาพ
วิทยาศาสตร์การแพทย์ และสุขภาพ
สถานะ=หนังสือเก่า
WB537 ส869ช 2554  
  Barcode: 18672
ห้องสมุดวิทยาเขตนครสวรรค์
►ส่วนจัดเก็บหนังสือเก่า นว.
บนชั้น
  ขอยืม

รายการใกล้เคียง
    หัวเรื่อง [การนวด]
    หัวเรื่อง [การรักษาด้วยธรรมชาติ]
    หัวเรื่อง [กายบริหาร]

BibComment


ยังไม่เคยถูกคอมเมนท์

คอมเมนท์ทรัพยากรรายการนี้
  คอมเมนท์: ชะลอวัยด้วยการบร..


 Copyright 2026. Bcnsprnw @Library